UBT Library

Gilbert law summaries. (Record no. 41905)

000 -LEADER
fixed length control field 00889cas a2200301 a 4500
001 - CONTROL NUMBER
control field 11345825
005 - DATE AND TIME OF LATEST TRANSACTION
control field 20180206044238.0
008 - FIXED-LENGTH DATA ELEMENTS--GENERAL INFORMATION
fixed length control field 860603u1978uuuucauuu 0 0eng c
010 ## - LIBRARY OF CONGRESS CONTROL NUMBER
LC control number 88649014
035 ## - SYSTEM CONTROL NUMBER
System control number (OCoLC)ocm13677684
040 ## - CATALOGING SOURCE
Original cataloging agency GUL
Language of cataloging eng
Transcribing agency GUL
Modifying agency DLC
-- OCL
-- UTV
-- OCLCQ
-- OCLCF
-- OCLCO
-- OCL
-- NDL
041 ## - LANGUAGE CODE
Language code of text/sound track or separate title eng
042 ## - AUTHENTICATION CODE
Authentication code pcc
043 ## - GEOGRAPHIC AREA CODE
Geographic area code n-us---
080 ## - UNIVERSAL DECIMAL CLASSIFICATION NUMBER
Universal Decimal Classification number 347.732
082 ## - DEWEY DECIMAL CLASSIFICATION NUMBER
Edition number 347.732 CHO
100 ## - Rafti
Rafti 14
101 ## - Shkurtesa
Shkurtesa SHJ
245 00 - TITLE STATEMENT
Title Gilbert law summaries.
Name of part/section of a work Corporations.
246 17 - VARYING FORM OF TITLE
Title proper/short title Corporations
362 0# - DATES OF PUBLICATION AND/OR SEQUENTIAL DESIGNATION
Dates of publication and/or sequential designation 10th ed. (1978)-
590 ## - LOCAL NOTE (RLIN)
Local note SERBIB/SERLOC merged record
776 08 - ADDITIONAL PHYSICAL FORM ENTRY
Display text Online version:
Title Gilbert law summaries. Corporations
Record control number (OCoLC)697258289
780 00 - PRECEDING ENTRY
Title Corporations (Beverly Hills, Calif.)
Record control number (DLC) 88649013
-- (OCoLC)4859878
906 ## - LOCAL DATA ELEMENT F, LDF (RLIN)
a 7
b cbc
c serials
d 2
e ncip
f 19
g n-oclcserc
942 ## - ADDED ENTRY ELEMENTS (KOHA)
Source of classification or shelving scheme
Item type Books
Holdings
Withdrawn status Lost status Source of classification or shelving scheme Damaged status Not for loan Collection code Permanent location Current location Shelving location Date acquired Total Checkouts Full call number Barcode Date last seen Price effective from Koha item type
          Koleksioni i përgjithshem UBT - Lipjan UBT - Lipjan Koleksioni i përgjithshem 02/06/2018   347.732 CHO 002-2999079 02/06/2018 02/06/2018 Books
UBT Library © 2015-2024. All rights reserved University Education for Business and Technology